000 00553nam a2200181Ia 4500
008 140529s9999 xx 000 0 und d
020 _a9780071188609
050 _aHD 30.28
_b.T53 1999
100 _aThompson, Arthur A.
245 _aStrategic management :
_bconcepts /
_cArthur A. Thompson, Jr., A. J. Strickland III
250 _a11th ed.
260 _aNew York :
_bIrwin McGraw-Hill,
_cc1999.
300 _a360 p. ;
_c26 cm.
500 _aIncludes index and bibliographical references.
521 _aBSBA
942 _kFOR
_cBK
999 _c117834
_d117834